| 000 | 00524nam a2200181 a 4500 | ||
|---|---|---|---|
| 005 | 20240810063802.0 | ||
| 008 | 030519s2000 mx r 000 0 spa d | ||
| 020 | _a9700511944 | ||
| 035 | _aUPN01000124325 | ||
| 049 | _aCG | ||
| 050 | 4 |
_aGN504 _bA3.2 |
|
| 100 | 1 | _aAceves, Manuel | |
| 245 | 1 | 0 |
_aAlquimia y mito del mexicano : _baproximaciones desde la psicología de C. G. Jung / _cManuel Aceves. |
| 260 |
_aMéxico : _bGrijalbo, _c2000. |
||
| 300 | _a333 p. | ||
| 650 | 4 |
_aPersonalidad y cultura _917684 |
|
| 905 | _aLibro | ||
| 999 |
_c96504 _d96504 |
||